| 000 | 01036cam a22002054a 4500 | ||
|---|---|---|---|
| 005 | 20250605163920.0 | ||
| 008 | 250528s ||||||||||||||||||||||||d | ||
| 035 | _a14377 | ||
| 020 | _a85345177 | ||
| 040 |
_aGR-AtMCL _bgre _dGR-AtMCL _eAACR2 |
||
| 245 | 1 | _aThe Third World in World Economy | |
| 260 | _c1969 | ||
| 300 | _a212 | ||
| 520 | _aThe subject of the work is neo-colonialism: colonialism operating entirely through economic relations instead of, as before, through economic relations accompanied by political domination. Introduction, Basic Data, Agriculture and Fisheries, Minerals and Energy, Manufacturing, Trade and Shipping, Overall Development of Trade, Trading Partners, Composition of Trade, Terms of Trade, Maritime Shipping, Summary and Critical Analysis, Movement of Capital and Aid to the Third World, Aid to the Third World, American Private Investment, The Return Flow of Capital, Prospects. | ||
| 700 | 1 |
_aJalee Pierre _913 |
|
| 700 | 1 |
_aMr _914 |
|
| 942 | _cBK | ||
| 999 |
_c12 _d12 |
||